Alle landen waar een J in zit. - Statistieken

Algemene statistieken
  • Deze quiz is 78 keer genomen
  • De gemiddelde score is 17 van 22
Antwoordstatistieken
Antwoord % Correct
Jemen
100%
Japan
93%
Hongarije
90%
IJsland
90%
Jordanië
90%
Bulgarije
86%
Algerije
83%
Frankrijk
83%
Jamaica
83%
Fiji
79%
Filipijnen
79%
Slowakije
79%
Turkije
76%
Tadzjikistan
72%
Tsjechië
72%
Azerbeidzjan
69%
Spanje
69%
Tsjaad
69%
Djibouti
66%
Verenigd Koninkrijk
66%
Cambodja
62%
Oostenrijk
62%
Geen overeenkomende quizzen gevonden
Scoreverdeling
Procent van Mensen met Elke Score
Percentiel versus Aantal Correcte Antwoorden
Uw Scoregeschiedenis
U heeft deze quiz nog niet genomen